000 00443nam a2200169Ia 4500
008 090711s9999 xx 000 0 und d
082 _b47845
100 _aभोपे मधुरंजन
245 _aटक्कर
260 _c1984
300 _a210
600 _aभोपे मधुरंजन
630 _aटक्कर
700 _aभोपे मधुरंजन
730 _aटक्कर
942 _cBOOK
999 _c299390
_d299390